• 首页
  • 本馆介绍
  • 公告通知
  • 最新文献
  • 馆藏检索
  • 电子资源
  • 读者导购
  • 参考咨询
  • 我的图书馆
  • 登录
  • 详细信息显示
  • 放入我的书架
  • 预约/预借图书
  • 作者相关作品
  • 分类相关作品
  • 丛书相关作品
  • 出版社相关作品

书目信息

  • 表格格式
  • 工作单格式
  • 卡片格式
题名:
时间与管理
    
 
作者:
分册:  
出版信息: [台北]   [出版者不详]  1974
页数: 292页
开本: 20cm
丛书名:
单 册:
中图分类: C935
科图分类:
主题词: 管理--计划 , 管理控制
电子资源:
ISBN:
000 00438nam0 2200181 450
001 0743330188
005 20070803094035.65
010    @dCNY0.21
100    @a20070802d1974 km y0chiy0120 ea
101 0  @achi
200 1  @a时间与管理@Ashi jian yu guan li
210    @a[台北]@c[出版者不详]@d1974
215    @a292页@d20cm
606 0  @a管理@x计划
606 0  @a管理控制
690    @aC935@v3
801  0 @aCN@bPFT@c20070803
905    @a10447@dC935@e394
    
    时间与管理.-[台北]:[出版者不详],1974
    292页;20cm
    
    
    ISBN :CNY0.21
    
●
相关链接 在E读中查询图书 在五车中查询图书 在当当中查询图书 在豆瓣中查询图书


正题名:时间与管理     索取号:C935/394         预约/预借

序号 登录号 条形码 馆藏地/架位号 状态 备注
1 0790571   207905711   第一样本阅览室/ [索取号:C935/394] 在馆    
唐山师范学院图书馆 欢迎您!
大连网信软件有限公司© 版权所有